| 000 | 00881nam a22002177a 4500 | ||
|---|---|---|---|
| 999 |
_c16579 _d16579 |
||
| 003 | AR-CdUCM | ||
| 008 | 190503b ||||| |||| 00| 0 spa d | ||
| 040 |
_aMUNICIPALIDAD PROVINCIAL DEL CUSCO _cBIBLIOTECA MUNICIPAL DEL CUSCO |
||
| 082 |
_a081 / _bL44 |
||
| 100 |
_aLenin, Vladimir Ilich _92193 |
||
| 245 |
_aObras completas : _bNoviembre 1912 - julio 1913 / |
||
| 260 |
_aArgentina : _bCartago, _c1970. |
||
| 300 |
_a XIX tomos ; _c20 cm. |
||
| 500 | _aTomo 14 1908 - 1909, segunda edición corregida y aumentada | ||
| 505 | _aContenido :T. 19: Enfermedades del reformismo -- El empobrecimiento en la sociedad capitalista en norteamérica -- La clase obrera y sus representantes parlamentarios -- t.14: 1908-1909. | ||
| 650 |
_aReformismo _936096 |
||
| 650 |
_aClase obrera _95867 |
||
| 650 |
_aReforma campesina _936097 |
||
| 942 |
_2ddc _cLIBROS |
||
| 945 |
_apjha _d2019-05-15 |
||